000 01081nam a2200277 i 4500
003 DO-SdBNP
005 20240301110440.0
007 ta
008 240301s1994 dr a b 000 0 spa d
040 _aDO-SdBNP
_bspa
_cBNPHU
_erda
082 _bL181
_222
100 _aLagual, Valentina
_929274
245 1 0 _aMatemática y ciencias naturales :
_b3er. grado /
_cmatemáticas Valentina Lagual, Mercedes Almonte Valdez ; ciencias naturales Andrea Griselda Ricón Ozuna, Carmen Elena Cruz
264 1 _aSanto Domingo :
_bSecretaria de Estado de Educación Bellas Artes y Cultos,
_c1994.
300 _a2 libros
_bilustraciones
_c27 cm.
336 _2rdacontent
_atexto
_btxt
337 _2rdamedia
_asin mediación
_bn
338 _2rdacarrier
_avolumen
_bnc
500 _aLa biblioteca posee el libro del alumno y cuaderno de trabajo.
590 _aInventariado, 2024/ YL
700 1 2 _aAlmonte Valdez, Mercedes
_929275
_eautora
700 2 _aRincón Ozuna, Andrea Griselda
_925917
_eautora
700 1 2 _aCruz, Carmen Elena
_eautora
_984066
910 _aYLockward
942 _2ddc
_cLBS1
999 _c56018
_d56018